000 00468nam a22001577a 4500
003 macl
005 20170104145829.0
008 170104b xxu||||| |||| 00| 0 eng d
040 _cmacl
082 _a400
100 _aएन सी ई आर टी.
_966394
245 _aवंसत भाग 2
_bकक्षा 7
260 _aदिल्‍ली
_b एन सी ई आर टी.
_c2007
650 _aहिंदी भाषा
_966392
942 _2ddc
_cHIN
999 _c55701
_d55701